All DJ's - Statistics

General Stats
  • This quiz has been taken 42 times
  • The average score is 25 of 500
Answer Stats
Hint Answer % Correct
France David Guetta
72%
Netherlands Martin Garrix
59%
UK Calvin Harris
56%
Netherlands Armin Van Buuren
50%
USA Skrillex
47%
Netherlands Tiesto
47%
Canada Deadmau5
44%
Norway Kygo
34%
Brazil Alok
31%
USA Diplo
31%
Sweden Alesso
28%
Netherlands Dimitri Vegas and Like Mike
28%
France Dj Snake
28%
Netherlands Hardwell
28%
USA KSHMR
28%
Sweden Swedish House Mafia
28%
Netherlands W&W
28%
Netherlands (not sure) Blasterjaxx
25%
France Daft Punk
25%
Netherlands R3hab
25%
USA Steve Aoki
25%
USA The Chainsmokers
25%
Australia Timmy Trumpet
25%
Netherlands Afrojack
22%
UK Alan Walker
22%
Germany Atb
22%
UK Carl Cox
22%
USA Dillon Francis
22%
Netherlands Don Diablo
22%
Canada Dvbbs
22%
Australia Fisher
22%
Jamaica Major Lazer
22%
Netherlands Nicky Romero
22%
Nehterlands Oliver Heldens
22%
Germany/Russia Zedd
22%
Sweden Axwell
19%
Netherlands Bassjackers
19%
France Martin Solveig
19%
UK Nervo
19%
Germany Paul Van Dyk
19%
Israel Vini Vici
19%
UK Above and Beyond
16%
South Africa Black Coffee
16%
Netherlands Ferry Corsten
16%
Netherlands Laidback Luke
16%
USA Marshmellow
16%
UK Paul Oakenfold
16%
South Korea Peggy Gou
16%
France Sebastian
16%
Netherlands Showtek
16%
Netherlands Ummet Ozcan
16%
Australia Will Sparks
16%
UK Andy C
13%
Netherlands Bingo Players
13%
France Bob Sinclair
13%
USA Borgeous
13%
Israel Borgore
13%
Spain Chus
13%
Netherlands Dannic
13%
Spain Danny Avila
13%
Netherlands Dash Berlin
13%
USA Deorro
13%
UK Disclosure
13%
Sweden Eric Prydz
13%
Netherlands Fedde Le Grand
13%
USA Kaskade
13%
Belgium Lost Frequencies
13%
France Madeon
13%
Belgium M.i.k.e.
13%
Netherlands Quintino
13%
Sweden Steve Angello
13%
Belgium Yves V
13%
USA 3lau
9%
Sweden Adam Beyer
9%
Canada Adventure Club
9%
Egypt Aly and Fila
9%
Netherlands Angerfist
9%
Canada A-Trak
9%
UK Ben Nicky
9%
Italy Benny Benassi
9%
Netherlands Brennan Heart
9%
Netherlands Chocolate Puma
9%
UK Chris Lake
9%
Sweden Dada Life
9%
Germany Deniz Koyu
9%
Australia Dirty South
9%
Netherlands Dyro
9%
Canada Excision
9%
UK Fatboy Slim
9%
Netherlands Firebeatz
9%
Netherlands Headhunterz
9%
USA Illenium
9%
UK Knife Party
9%
Belgium Mattn
9%
Netherlands Sick Individuals
9%
UK Sub Focus
9%
France Tchami
9%
Germany Thomas Gold
9%
Poland Tom Swoon
9%
Brazil Vintage Culture
9%
Netherlands Yellow Claw
9%
UK Zomboy
9%
Australia Alison Wonderland
6%
Moldova Andrew Rayel
6%
Switzerland Antoine
6%
Russia Arty
6%
Israel Astrix
6%
Russia Bobina
6%
Germany Boris Brejcha
6%
USA Breathe Carolina
6%
Belgium Coone
6%
USA Dubfire
6%
UK Flux Pavilion
6%
USA Green Velvet
6%
USA GTA
6%
Israel Infected Mushroom
6%
UK Jamie Jones
6%
UK Joey Negro
6%
UK John Digweed
6%
UK Judge Jules
6%
UK Kryder
6%
Netherlands Lucas and Steve
6%
USA Makj
6%
Israel Maor Levi
6%
Australia Marlo
6%
Italy Mauro Picotto
6%
Switzerland Mike Candys
6%
UK Nero
6%
USA Ookay
6%
UK Pete Tong
6%
USA Porter Robinson
6%
Canada Richie Hawtin
6%
USA Roger Sanchez
6%
Netherlands Sander Van Doorn
6%
UK Sasha
6%
USA Seven Lions
6%
Netherlands Sidney Samson
6%
Germany Solomun
6%
Netherlands Sub Zero Project
6%
Russia Swanky Tunes
6%
UK Third Party
6%
USA Tjr
6%
Slovenia Umek
6%
Netherlands Vicetone
6%
Netherlands Wildstylez
6%
Belgium Wolfpack
6%
Italy Zatox
6%
Canada Zeds Dead
6%
Spain Abel Ramos
3%
UK Alan Fitzpatrick
3%
Italy Alex Gaudino
3%
France Arno Cost
3%
Sweden Axwell and Ingrosso
3%
USA Bare
3%
Belgium Basto!
3%
UK Benga
3%
Germany Ben Klock
3%
Germany Blank and Jones
3%
USA Bro Safari
3%
Austria Camo and Krooked
3%
China Carta
3%
USA Cash Cash
3%
Spain Ceballos
3%
USA Cedric Gervais
3%
Germany Chris Liebing
3%
Canada Chromeo
3%
Netherlands Chuckie
3%
Germany Claptone
3%
Belgium Cosmic Gate
3%
UK Danny Howard
3%
USA Danny Tenaglia
3%
Canada Datsik
3%
UK Dave Seaman
3%
Spain David Penn
3%
Spain David Tort
3%
USA Deep Dish
3%
USA Derrick May
3%
India Dev
3%
France Dirtyphonics
3%
USA Dj Bl3nd
3%
Italy Dj's From Mars
3%
Spain Dr. Kucho!
3%
Canada Dzeko and Torres
3%
Germany Eddie Thoneick
3%
Switzerland Edx
3%
Belgium Eptic
3%
Netherlands Estiva
3%
Canada Felix Cartal
3%
USA Felix Da Housecat
3%
USA Flosstradamus
3%
Germany Fritz Kalkbrenner
3%
Brazil Ftampa
3%
Netherlands Funkerman
3%
UK Funtcase
3%
USA Gabriel and Dresden
3%
UK Gareth Emery
3%
USA Getter
3%
Netherlands Gregor Salto
3%
UK Groove Armada
3%
Russia Hard Rock Sofa
3%
Argentina Heatbeat
3%
UK High Contrast
3%
Australia Hook N Sling
3%
Netherlands Jochen Miller
3%
Ireland John O'callaghan
3%
Netherlands Jordy Dazz
3%
Netherlands Kill The Buzz
3%
USA Kill The Noise
3%
Switzerland Liquid Soul
3%
USA Lucky Date
3%
Italy Lush and Simon
3%
USA M83
3%
Netherlands Marco V
3%
Sweden Marcus Schossow
3%
UK Mark Knight
3%
Netherlands Mark Sixma
3%
Denmark Martin Jensen
3%
Italy Merk and Kremont
3%
UK Michael Woods
3%
USA Miguel Migs
3%
Germany Moguai
3%
Estonia Mord Fustang
3%
USA Morgan Page
3%
Hungary Myon and Shane 54
3%
Italy Nari and Milani
3%
Russia Nina Kraviz
3%
Netherlands Noisecontrollers
3%
France Norman Doray
3%
USA Paris Blohm
3%
Germany Paul Kalkbrenner
3%
UK Prodigy
3%
Canada Project 46
3%
South Africa Protoculture
3%
Netherlands Psyko Punkz
3%
Australia Reece Low
3%
USA Riggi and Piros
3%
UK Rudimental
3%
UK Skism
3%
Canada Snails
3%
UK Solardo
3%
USA Starkillers
3%
Netherlands Sunnery James and Ryan Marciano
3%
Estonia Syn Cole
3%
Italy Technoboy
3%
Malta Tenishia
3%
UK The Chemical Brothers
3%
Netherlands Thomas Newson
3%
UK Tommy Trash
3%
France Tristan Garner
3%
USA Tritonal
3%
Australia Uberjak'd
3%
Switzerland Yves Larock
3%
South Africa Zaxx
3%
Netherlands 16 Bit Lolitas
0%
Belgium 2manydjs
0%
USA and Netherlands 3 Are Legend
0%
India Abhishek Mantri
0%
Israel Ace Ventura
0%
UK Activa
0%
Turkey Ahmet Sendil
0%
India Akhil Talreja
0%
Italy Alex Kenji
0%
Germany Alex M.o.r.p.h.
0%
USA Alvin Risk
0%
Germany Ambivalent
0%
USA Andain
0%
UK Andy Duguid
0%
UK Andy Moor
0%
Italy Angy Kore
0%
Germany Anja Schneider
0%
France Antoine Clamaran
0%
Poland Arctic Moon
0%
Spain Art Department
0%
India A.sen
0%
Israel Astral Projection
0%
USA Bad Boy Bill
0%
Argentina Barem
0%
UK Bare Noize
0%
USA Bassnectar
0%
UK Bastille
0%
UK Ben Gold
0%
USA Betsie Larkin
0%
Israel Bizzare Contact
0%
Sweden Bjorn Akesson
0%
Australia Bombs Away
0%
USA Bonobo
0%
France Brodinski
0%
Ireland Bryan Kearney
0%
UK Burial
0%
Germany Butch
0%
USA Carl Craig
0%
Canada Carlo Lio
0%
Brazil Cat Dealers
0%
Sweden Cazzette
0%
Greece Christian Cambas
0%
Brazil Christian Smith
0%
UK Christina Burns
0%
UK Christina Novelli
0%
USA Claude Vonstroke
0%
UK Claudia Cazacu
0%
USA Clockwork
0%
Italy Congorock
0%
Spain Cristain Varela
0%
USA Crizzly
0%
Germany Dabruck + Klein
0%
Switzerland Daniel Portman
0%
UK Danny Howells
0%
UK Dave Clarke
0%
Italy Davide Squillace
0%
UK Dead Exit
0%
Germany Dennis Shepard
0%
USA Designer Drugs
0%
Switzerland Dinka
0%
Brazil Dirtyloud
0%
Germany D-Nox
0%
UK Dodge and Fuski
0%
Canada Downlink
0%
USA D!Rty Aud!O
0%
Australia Dub Fx
0%
Italy Dusty Kid
0%
USA Eco
0%
Romania Edward Maya
0%
USA Electric Forest
0%
Germany Ellen Allien
0%
Australia Empire of the Sun
0%
USA Erick Morillo
0%
Netherlands Evil Activities
0%
UK Faithless
0%
UK Fake Blood
0%
Turkey Faruk Sabanci
0%
France Ferry Tayle
0%
USA Filo And Peri
0%
Germany Florian Meindl
0%
UK Flying Lotus
0%
Germany Format : B
0%
UK Fresh
0%
UK Gemini
0%
Italy Giuseppe Ottaviani
0%
USA Gramatik
0%
Israel Guy Gerber
0%
Belgium Henri Pfr
0%
Argentina Hernan Cattaneo
0%
Sweden Icona Pop
0%
Sweden Ida Engberg
0%
UK Jack Beats
0%
UK James Zabiela
0%
Australia Jano
0%
Australia Jaytech
0%
USA Jeff Mills
0%
Germany Jerome Isma-Ae
0%
Norway Jessica
0%
UK John 00 Fleming
0%
Canada John Acquaviva
0%
UK John Askew
0%
USA Jon Gaiser
0%
UK Jon O'bir
0%
Netherlands Joris Voorn
0%
Italy Joseph Capriati
0%
USA Josh Wink
0%
USA J. Rabbit
0%
Australia J-Trick
0%
Spain Juan Magon
0%
Ukraine Juicy M
0%
USA Jump Smokers
0%
Germany Kaiserdisco
0%
Canada Keys N Krates
0%
Colombia Khomha
0%
Mexico Kinky
0%
Germany Klass
0%
UK Koan Sound
0%
Germany Kollektiv Turmstrasse
0%
Netherlands Korsakoff
0%
Germany Kyau and Albert
0%
UK Labrinth
0%
UK Ladytron
0%
UK Lange
0%
UK La Roux
0%
France Laurent Garnier
0%
Canada Lazy Rich
0%
USA Le Castle Vania
0%
Germany Len Faki
0%
Netherlands Leon Bolier
0%
USA Lindsey Stirling
0%
UK Lisa Lashes
0%
USA Little Louie Vega
0%
Germany Loco Dice
0%
Switzerland Luciano
0%
Spain Maceo Plex
0%
Germany Magda
0%
Germany M.a.n.d.y.
0%
Belgium Marco Bailey
0%
Italy Marco Carola
0%
Mexico Mariana Bo
0%
Germany Mari Ferrari
0%
Colombia Mario Ochoa
0%
UK Mark Sherry
0%
USA Martin Schulz
0%
UK Matt Darey
0%
Canada Max Graham
0%
USA Max Vangeli
0%
Netherlands Menno De Jong
0%
Netherlands Mike Willams
0%
USA Milk and Cookies
0%
France Miss Kittin
0%
USA Moby
0%
Germany Monika Kruse
0%
Russia Moonbeam
0%
New Zealand Mt. Eden
0%
USA Must Die
0%
Germany Neelix
0%
USA New World Punx
0%
Germany Nic Chagall
0%
Germany Nick Curly
0%
UK Nick Warren
0%
UK Nicole Moudaber
0%
Poland Nitrous Oxide
0%
USA Norin and Rad
0%
Israel Offer Nissim
0%
Germany Oliver Huntemann
0%
France Oxia
0%
Spain Paco Osuna
0%
Germany Pan-Pot
0%
UK Paolo Mojo
0%
Canada Paris and Sismo
0%
France Paul Ritch
0%
Serbia Peer Van Mladen
0%
Israel Perfect Stranger
0%
Portugal Pete Tha Zouk
0%
UK Phonat
0%
France Popof
0%
UK Prok and Fitch
0%
Romania Radio Killer
0%
Netherlands Ram Official
0%
Belgium Ramon Tapia
0%
Singapore Rave Republic
0%
Australia Ravine
0%
USA Reboot
0%
USA Reid Speed
0%
Chile Ricardo Villalobos
0%
UK Riva Satarr
0%
Germany Robert Babicz
0%
Germany Robert Dietz
0%
Germany Roger Shah
0%
Germany Ronski Speed
0%
Norway Royksopp
0%
Spain Sak Noel
0%
Netherlands Sander Kleinenberg
0%
Italy Sasha Carassi
0%
Japan Satoshi Tomiie
0%
UK Sbtrkt
0%
Australia Scndl
0%
Switzerland Sean Tyas
0%
Israel Sesto Sento
0%
USA Seth Troxler
0%
Russia Sexation
0%
USA Shadow
0%
USA Sharam
0%
UK Shpongle
0%
UK Shream
0%
UK Simon Patterson
0%
Canada Sneak
0%
UK Solarstone
0%
UK Sophie Sugar
0%
USA Soul Clap
0%
Belgium Soulwax
0%
USA Spencer and Hill
0%
UK Stanton Warriors
0%
Italy Stefano Noferini
0%
Germany Stephan Bodzin
0%
Germany Steve Bug
0%
Spain Steve Lawler
0%
Germany Stoneface and Terminal
0%
Belgium Stromae
0%
India Suketu Radia
0%
Canada Sultan and Ned Shepard
0%
Finland Super8 and Tab
0%
Germany Sven Vath
0%
Turkey Tarkan
0%
Singapore Tenashar
0%
UK Terravita
0%
Italy The Bloody Beetroots
0%
USA The Crystal Method
0%
USA The Martinez Brothers
0%
UK The Thrillseekers
0%
Canada The Weekend
0%
Canada Tiga
0%
Mexico Tom and Collins
0%
Belgium Tom Hades
0%
Germany Tube and Berger
0%
Australia Tydi
0%
USA Underground Resistance
0%
UK Underworld
0%
Italy Uto Karem
0%
Israel Vibe Tribe
0%
USA Victor Calderone
0%
USA Wacka Flocka Flame
0%
Spain Wally Lopez
0%
Netherlands Warface
0%
UK Xilent
0%
No matching quizzes found
Score Distribution
Percent of People with Each Score
Percentile by Number Answered
Your Score History
You have not taken this quiz